000 00409ntaaa2200169 4500
003 01
005 20251027201550.0
008 0714s1973 ag 01
040 _aAR-BaBN
_bspa
_cAR-BaBN
_eaacr
_dRIC
082 _a230.0000 C55
100 _aClarke, William Newton
_99348
245 _aIdeal of Jesus
250 _a1 ed. :
_bC. Scribner's Sons,
_cc/915
300 _a329 p.
650 _aTeologĂ­a
942 _cBK
999 _c10276
_d10276